| 000 | 01119nam a2200241 a 4500 | ||
|---|---|---|---|
| 005 | 20171010144059.0 | ||
| 008 | 100510s2006 ck a gr f000 0 spa d | ||
| 040 |
_aCO-BoBLA _cCO-BoBLA _dCO-BoIAVH |
||
| 041 | 0 | _aspa | |
| 044 | _ack | ||
| 082 | 0 | 4 |
_a361.26 _bC71m |
| 110 | 1 |
_aColombia _bPresidencia de la República _bAgencia Presidencial para la Acción Social y la Cooperación Internacional |
|
| 245 | 1 | 0 |
_aManual de formulación de proyectos de cooperación internacional / _cAgencia Presidencial para la Acción Social y la Cooperación Internacional, Agencia Española de Cooperación Internacional. |
| 260 | 3 |
_aBogotá : _bAcción Social, _c2006. |
|
| 300 |
_a65 páginas : _bilustraciones ; _c27 x 19 cm. |
||
| 504 | _aIncluye referencias bibliográficas. | ||
| 650 | 2 | 6 |
_aCooperación internacional _zColombia _vManuales |
| 650 | 2 | 6 |
_aPlanes de desarrollo _zColombia _vManuales |
| 650 | 2 | 6 |
_aProyectos de desarrollo _zColombia _vManuales |
| 700 | 1 |
_aPalomar Avilés, Raúl _eeditor |
|
| 710 | 2 | _aAgencia Española de Cooperación Internacional | |
| 942 |
_2ddc _cLIBRO |
||
| 999 |
_c6828 _d6828 |
||